000
00310nam a2200133Ia 4500
008
231129s1972||||xx |||||||||||||| ||spa||
040
_b
spa
082
_a
193 L489v
100
_a
Lefebvre Henri
245
0
_a
La vida cotidiana en el mundo moderno
260
_c
1972
264
_a
Alianza
942
_2
ddc
_c
BKS
999
_c
18431
_d
18431